Introduction to management science : a modeling and case studies approach with spreadsheets (Record no. 18348)
[ view plain ]
| 000 -LEADER | |
|---|---|
| fixed length control field | 00608nam a2200193Ia 4500 |
| 008 - FIXED-LENGTH DATA ELEMENTS--GENERAL INFORMATION | |
| fixed length control field | 220501s2018 xx 000 0 eng d |
| 020 ## - INTERNATIONAL STANDARD BOOK NUMBER | |
| International Standard Book Number | 9789339222178 |
| 082 ## - DEWEY DECIMAL CLASSIFICATION NUMBER | |
| Classification number | 658.4032 HIL-I |
| 100 ## - MAIN ENTRY--PERSONAL NAME | |
| Personal name | Hillier, Frederick S |
| 245 #0 - TITLE STATEMENT | |
| Title | Introduction to management science : a modeling and case studies approach with spreadsheets |
| Statement of responsibility, etc | Frederick S Hillier and Mark S Hillier |
| 250 ## - EDITION STATEMENT | |
| Edition statement | 4th |
| 260 ## - PUBLICATION, DISTRIBUTION, ETC. (IMPRINT) | |
| Place of publication, distribution, etc | Chennai |
| Name of publisher, distributor, etc | McGraw Hill |
| Date of publication, distribution, etc | 2018 |
| 300 ## - PHYSICAL DESCRIPTION | |
| Extent / Pages | xix, 629p. |
| 650 ## - SUBJECT ADDED ENTRY--TOPICAL TERM | |
| Topical term or geographic name as entry element | Management science |
| 650 ## - SUBJECT ADDED ENTRY--TOPICAL TERM | |
| Topical term or geographic name as entry element | Operations Management |
| 650 ## - SUBJECT ADDED ENTRY--TOPICAL TERM | |
| Topical term or geographic name as entry element | Operations research |
| 700 ## - ADDED ENTRY--PERSONAL NAME | |
| Personal name | Hiller, Mark S |
| 942 ## - ADDED ENTRY ELEMENTS (KOHA) | |
| Source of classification or shelving scheme | |
| Koha item type | Books |
| Withdrawn status | Lost status | Source of classification or shelving scheme | Damaged status | Not for loan | Home library | Current library | Date acquired | Source of acquisition | Cost, normal purchase price | Full call number | Barcode | Date last seen | Copy number | Bill Date | Koha item type | Bill Number |
|---|---|---|---|---|---|---|---|---|---|---|---|---|---|---|---|---|
| SOBD Library | SOBD Library | 07/03/2019 | Vedi Books | 561.00 | 658.4032 HIL-I1 | 000245 | 01/07/2022 | 1 | 26/02/2019 | Reference Books | 1134 | |||||
| SOBD Library | SOBD Library | 07/03/2019 | Vedi Books | 561.00 | 658.4032 HIL-I2 | 000246 | 01/07/2022 | 2 | 26/02/2019 | Books | 1134 |